| 000 | 00350nam a22001577a 4500 | ||
|---|---|---|---|
| 003 | SGT | ||
| 020 | _a978-93-81608-96-8 | ||
| 082 |
_a615.53 _bC19K |
||
| 100 | _aK,SHASHIREKHA,H. | ||
| 245 | _aCHARAKA SAMHITA | ||
| 260 |
_aVARANASI _bCHAUKHAMBA PUB _c2019 |
||
| 300 | _a648 | ||
| 650 | _aAYURVEDA | ||
| 653 | _aCHARAKASAMHITA | ||
| 942 |
_2ddc _cBK _070 |
||
| 999 |
_c16935 _d16935 |
||